Constitutional development in Pakistan (Record no. 541275)
[ view plain ]
| 000 -LEADER | |
|---|---|
| fixed length control field | 00993cam a2200301 4500 |
| 001 - CONTROL NUMBER | |
| control field | 3240594 |
| 003 - CONTROL NUMBER IDENTIFIER | |
| control field | NUST |
| 005 - DATE AND TIME OF LATEST TRANSACTION | |
| control field | 20210215114208.0 |
| 008 - FIXED-LENGTH DATA ELEMENTS--GENERAL INFORMATION | |
| fixed length control field | 710120s1969 bcc b 001 0 eng |
| 010 ## - LIBRARY OF CONGRESS CONTROL NUMBER | |
| LC control number | 79529216 |
| 020 ## - INTERNATIONAL STANDARD BOOK NUMBER | |
| International Standard Book Number | 0582780071 |
| 038 ## - RECORD CONTENT LICENSOR | |
| Staff Name | Arshad |
| 040 ## - CATALOGING SOURCE | |
| Original cataloging agency | DLC |
| Transcribing agency | DLC |
| Modifying agency | DLC |
| 043 ## - GEOGRAPHIC AREA CODE | |
| Geographic area code | a-pk--- |
| 050 00 - LIBRARY OF CONGRESS CALL NUMBER | |
| Classification number | JQ543 1959 |
| Item number | .C522 |
| 082 00 - DEWEY DECIMAL CLASSIFICATION NUMBER | |
| Classification number | 342.54909 |
| Author Mark | CHO |
| 100 1# - MAIN ENTRY--PERSONAL NAME | |
| Personal name | Choudhury, G. W. |
| Fuller form of name | (Golam Wahed), |
| Dates associated with a name | 1926-1997. |
| 9 (RLIN) | 25136 |
| 245 10 - TITLE STATEMENT | |
| Title | Constitutional development in Pakistan |
| Statement of responsibility, etc. | [by] G. W. Choudhury. |
| 250 ## - EDITION STATEMENT | |
| Edition statement | 2d ed. rev. and enl. |
| 260 ## - PUBLICATION, DISTRIBUTION, ETC. | |
| Place of publication, distribution, etc. | Vancouver, |
| Name of publisher, distributor, etc. | Publications Centre, University of British Columbia, |
| Date of publication, distribution, etc. | 1969. |
| 300 ## - PHYSICAL DESCRIPTION | |
| Extent | ix, 277 p. |
| Dimensions | 23 cm. |
| 504 ## - BIBLIOGRAPHY, ETC. NOTE | |
| Bibliography, etc. note | Bibliography: p. 256-260. |
| 610 10 - SUBJECT ADDED ENTRY--CORPORATE NAME | |
| Corporate name or jurisdiction name as entry element | Pakistan. |
| Subordinate unit | Constituent Assembly (1947-1954) |
| 9 (RLIN) | 1194 |
| 610 10 - SUBJECT ADDED ENTRY--CORPORATE NAME | |
| Corporate name or jurisdiction name as entry element | Pakistan. |
| Subordinate unit | Constituent Assembly (Legislature) |
| 9 (RLIN) | 1193 |
| 651 #0 - SUBJECT ADDED ENTRY--GEOGRAPHIC NAME | |
| Geographic name | Pakistan |
| General subdivision | Politics and government. |
| 9 (RLIN) | 206 |
| 906 ## - LOCAL DATA ELEMENT F, LDF (RLIN) | |
| a | 7 |
| b | cbc |
| c | orignew |
| d | 4 |
| e | ncip |
| f | 19 |
| g | y-gencatlg |
| 942 ## - ADDED ENTRY ELEMENTS (KOHA) | |
| Source of classification or shelving scheme | |
| Koha item type | Book |
| Withdrawn status | Lost status | Source of classification or shelving scheme | Damaged status | Not for loan | Permanent Location | Current Location | Date acquired | Total Checkouts | Full call number | Barcode | Date last seen | Date last checked out | Price effective from | Koha item type |
|---|---|---|---|---|---|---|---|---|---|---|---|---|---|---|
| Central Library (CL) | Central Library (CL) | 02/15/2021 | 1 | 342.54909 CHO | CL2367 | 04/21/2022 | 12/04/2021 | 02/15/2021 | Book |
